000 00648nam a22002052 4500
001 0000000951
005 20151021151050.0
008 070222s xx 000 0 eng d
020 _a188454312X :
040 _aKABU
_cKABU
050 0 _aBT202
_b.K73
100 1 _aKrallmann, Gunter.
_@0000159956
245 1 0 _aMentoring for mission :
_ba handbook on leadership principles exemplified by Jesus Christ /
_cGunter Krallmann.
260 _aWaynesboro, GA. :
_bGabriel Publishing,
_c2002.
300 _a255 p.
600 1 0 _aJesus Christ.
_@0000149365
908 _a070222
950 _@1
999 _c291
_d291